Statistics for All WWE Hell in a Cell Match Participants

Click here to take the quiz!

General Stats

  • This quiz has been taken 1,091 times
    (534 since last reset)
  • The average score is 36 of 50

Answer Stats

No. of MatchesLast MatchWrestler% Correct
142016The Undertaker
96%
92012Triple H
95%
82020Randy Orton
94%
32014John Cena
93%
52021Roman Reigns
93%
22023Edge
92%
42009Shawn Michaels
92%
32010Kane
90%
32019Seth Rollins
90%
22000Stone Cold Steve Austin
83%
12000The Rock
83%
22019Bray Wyatt
82%
42013CM Punk
82%
42000Mick Foley
81%
22015Brock Lesnar
79%
12006The Big Show
79%
12014Dean Ambrose
78%
12016Charlotte Flair
77%
32017Shane McMahon
77%
22007Batista
76%
22020Jey Uso
75%
12002Chris Jericho
74%
12017Jimmy Uso
74%
12000Kurt Angle
74%
32020Sasha Banks
73%
12006Vince McMahon
72%
12021Rey Mysterio
71%
12017Big E
70%
12019Becky Lynch
69%
12013Daniel Bryan
69%
22021Drew McIntyre
68%
12018Jeff Hardy
68%
12009Cody Rhodes
65%
12010Sheamus
65%
22021Bayley
64%
12023Finn Balor
64%
12000Rikishi
64%
22021Xavier Woods
64%
12011Alberto Del Rio
63%
22021Bobby Lashley
63%
22017Kevin Owens
63%
11999The Big Boss Man
62%
12018Braun Strowman
59%
22013Ryback
56%
12011Mark Henry
53%
12021Bianca Belair
44%
12009Ted DiBiase
39%
12003Kevin Nash
37%
12016Rusev
33%
12013Paul Heyman
24%

Score Distribution

Percentile by Number Answered

Percent of People with Each Score

Your Score History

You have not taken this quiz since the last reset